[Event "Andorra op"]
[Site "Andorra"]
[Date "1997.??.??"]
[Round "2"]
[White "Garcia, Raul"]
[Black "Psakhis, Lev"]
[Result "0-1"]
[WhiteElo "2280"]
[BlackElo "2610"]

1.d4 Nf6 2.Nf3 e6 3.c4 c5 4.d5 d6 5.Nc3 exd5 6.cxd5 g6 7.Bf4 a6 8.e4 b5 9.Qe2 Be7
10.O-O-O O-O 11.h3 Re8 12.Qc2 Bf8 13.e5 dxe5 14.Nxe5 Bd6  0-1

[Event "Andorra op"]
[Site "Andorra"]
[Date "1997.??.??"]
[Round "4"]
[White "Kovacevic, Slobodan"]
[Black "Psakhis, Lev"]
[Result "1/2-1/2"]
[WhiteElo "2420"]
[BlackElo "2610"]

1.d4 Nf6 2.Nf3 g6 3.c3 Bg7 4.Bg5 O-O 5.Nbd2 d6 6.e4 h6 7.Bh4 c5 8.dxc5 dxc5
9.Be2 Nc6 10.O-O Nh5 11.Re1 Qc7 12.Qc2 Bg4 13.Bg3 Nxg3 14.hxg3 Rfd8 15.a4 Rd7
16.Nc4 Rad8 17.Rad1 Rxd1  1/2-1/2

[Event "Andorra op"]
[Site "Andorra"]
[Date "1997.??.??"]
[Round "5"]
[White "Psakhis, Lev"]
[Black "Ivanov, Jordan"]
[Result "1/2-1/2"]
[WhiteElo "2610"]
[BlackElo "2365"]

1.c4 e5 2.Nc3 Nc6 3.Nf3 Nf6 4.g3 g6 5.d4 exd4 6.Nxd4 Bg7 7.Nxc6 bxc6 8.Bg2 O-O
9.O-O Re8 10.Qa4 a5 11.Rd1 Qe7 12.Bf4 Ra7 13.Be3 Ra8 14.c5 Ba6 15.Rd2 Reb8
16.Rad1 Bc8 17.a3 Qe6 18.Qh4 Qg4 19.Qxg4 Nxg4 20.Bd4 Ne5 21.Rc2 Rb3 22.Na4 Rab8
23.Bc3 h5 24.h3 g5 25.Kf1 f5 26.Ke1 Kf7 27.f4 gxf4 28.gxf4 Nc4 29.Bxg7 Ne3
30.Bc3 Nxc2+ 31.Kd2 Nb4 32.axb4 axb4 33.Be5 Ra8 34.Ra1 Ba6 35.Bf3 Bb5 36.Rg1 Rg8
37.Bxh5+ Kf8 38.Ra1 Rxh3 39.Bf3 Rxf3 40.exf3 Rg2+  1/2-1/2

[Event "Andorra op"]
[Site "Andorra"]
[Date "1997.??.??"]
[Round "6"]
[White "Dunnington, Angus J"]
[Black "Psakhis, Lev"]
[Result "1/2-1/2"]
[WhiteElo "2445"]
[BlackElo "2610"]

1.Nf3 Nf6 2.c4 e6 3.g3 a6 4.Bg2 b5 5.b3 c5 6.O-O Bb7 7.Nc3 Qa5 8.Bb2 Be7
9.d3 O-O 10.e3 Nc6 11.Qe2 Rab8 12.Rfd1 Rfc8 13.Nd2 Rd8 14.Nce4 Ne8 15.d4 cxd4
16.exd4 d5 17.cxd5 exd5 18.Nc5 Nf6 19.a4 b4 20.Rac1 Qb6 21.Nf1 Rbc8 22.Qd3 Rc7
23.Ne3 Bc8 24.Bf1 Ra7 25.Rd2 Bf8 26.Rdc2 Ne7 27.Qd2 Nf5 28.Bd3 Nd6 29.Ra1 a5
30.Re1 Re7 31.f3 Rde8 32.Rcc1 g6 33.Qf2 Bh6 34.f4 Bg7 35.Qf3 Bf5 36.Ng2 Nfe4
37.Red1 h5 38.Re1 Bg4 39.Qf1 Nc3 40.Bxc3 bxc3 41.Qf2 Qb4 42.Re5 Bxe5 43.fxe5 Nb7
44.Na6 Qxb3 45.Nf4 Be6 46.Nxh5 gxh5 47.Qf6 Rd7 48.Qg5+ Kf8 49.Qh6+ Ke7 50.Qf6+  1/2-1/2

[Event "US-op"]
[Site "Las Vegas"]
[Date "1997.??.??"]
[Round "3"]
[White "Chase, Christopher"]
[Black "Psakhis, Lev"]
[Result "0-1"]
[WhiteElo "2390"]
[BlackElo "2605"]

1.e4 c5 2.Nf3 e6 3.d3 Nc6 4.g3 g6 5.Bg2 Bg7 6.O-O Nge7 7.Re1 d6 8.c3 e5 9.Nbd2 O-O
10.a3 h6 11.b4 Be6 12.Rb1 Qd7 13.Nc4 b5 14.Ne3 Rab8 15.Nd2 a5 16.Nd5 cxb4
17.cxb4 axb4 18.axb4 Bg4 19.Nxe7+ Nxe7 20.f3 Be6 21.Nb3 Rfc8 22.Be3 Rc7 23.Na5 Rbc8
24.Rc1 Rxc1 25.Bxc1 Nc6 26.Nxc6 Qxc6 27.Be3 Qc3 28.Qb1 Bb3 29.Qc1 Bc2 30.Bf1 Qxb4
31.Re2 Qc3 32.Bd2 Qd4+ 33.Be3 Qa4 34.Bh3 Rc7 35.Bd7 Bxd3  0-1

[Event "Mondariz op"]
[Site "Mondariz"]
[Date "1997.??.??"]
[Round "?"]
[White "Psakhis, Lev"]
[Black "Martinez Rodriguez, Pablo"]
[Result "1-0"]
[WhiteElo "2565"]
[BlackElo "2220"]

1.c4 e5 2.Nc3 Bb4 3.Nd5 Be7 4.d4 e4 5.Bf4 c6 6.Nc7+ Qxc7 7.Bxc7 Bb4+ 8.Qd2 Na6
9.Bd6 Bxd2+ 10.Kxd2 Nh6 11.e3 Nf5 12.Ba3 d6 13.f3 exf3 14.Nxf3 c5 15.Bd3 O-O
16.Rae1 Ne7 17.Rhf1 Bg4 18.h3 Bh5 19.d5 Rab8 20.g4 Bg6 21.e4 f6 22.b3 Be8
23.g5 Bd7 24.gxf6 Rxf6 25.e5 dxe5 26.Nxe5 Bxh3 27.Rxf6 gxf6 28.Nd7 Bxd7 29.Rxe7 Rd8
30.Bb2 Bc8 31.Bxf6 Rd7 32.Bxh7+ Kf8 33.Rxd7 Bxd7 34.Ke3 Kf7 35.Bh4 Nc7 36.Kf4 b5
37.Ke5 bxc4 38.bxc4 Ne8 39.Bd3 Ba4 40.Bf2 Nf6 41.Kd6  1-0

[Event "Mondariz op"]
[Site "Mondariz"]
[Date "1997.??.??"]
[Round "?"]
[White "Paunovic, Dragan"]
[Black "Psakhis, Lev"]
[Result "1/2-1/2"]
[WhiteElo "2470"]
[BlackElo "2565"]

1.d4 Nf6 2.Nf3 e6 3.g3 b5 4.Bg2 Bb7 5.O-O c5 6.c3 Na6 7.Bg5 Be7 8.Nbd2 O-O
9.Qb3 Rb8 10.Rad1 cxd4 11.Nxd4 Bxg2 12.Kxg2 Nc5 13.Qc2 Qb6 14.N4b3 Qc6+ 15.Kg1 Na4
16.Bxf6 Bxf6 17.Ne4 Be7 18.Nd4 Qb7 19.b3 Nc5 20.Nxc5 Bxc5 21.c4 bxc4 22.Qxc4 Rbc8
23.Qd3 d5 24.Nf3 Rc7 25.Rc1 Rfc8 26.Kg2 Be7 27.Rxc7 Rxc7 28.h4 h6 29.Qe3 Rc2
30.Ra1 Bf6 31.Qd3 Rxe2 32.Qxe2 Bxa1 33.Ne1 e5 34.f3 e4 35.Nc2 Bf6 36.fxe4 dxe4
37.Ne3 Be7 38.Qc4 Bf8 39.Nd5 e3 40.Kf3 Qd7 41.Nxe3  1/2-1/2

[Event "New York op"]
[Site "New York"]
[Date "1997.??.??"]
[Round "?"]
[White "Psakhis, Lev"]
[Black "Mitkov, Nikola"]
[Result "1-0"]
[WhiteElo "2610"]
[BlackElo "2485"]

1.e4 e5 2.Nf3 Nc6 3.Bb5 a6 4.Ba4 Nf6 5.O-O Be7 6.Re1 b5 7.Bb3 O-O 8.h3 Bb7
9.d3 Re8 10.a3 h6 11.Nc3 Bf8 12.Bd2 d6 13.Nd5 Nb8 14.Nxf6+ Qxf6 15.Nh2 Nd7
16.Ng4 Qg6 17.Re3 h5 18.Nh2 Nc5 19.Rg3 Qh7 20.Ba2 h4 21.Rf3 Ne6 22.Ng4 Rad8
23.Rf5 Bc8 24.Bxe6 Rxe6 25.Rh5 Qg6 26.Rxh4 Ree8 27.Rh5 f6 28.f4 exf4 29.Bxf4 c6
30.Qf3 Be6 31.Qg3 Kf7 32.Qh4 d5 33.Ne5+ fxe5 34.Rf1 Bxh3 35.Bg5+ Ke6 36.Qxh3+ Kd6
37.Bxd8 Rxd8 38.Rh8 Be7 39.Rxd8+ Bxd8 40.Qf5 Bb6+ 41.Kh2 Qh6+ 42.Qh3 Qd2
43.exd5 cxd5 44.Qh5 Be3 45.Qg6+ Kc5 46.b4+ Kd4 47.Qc6 Bf4+ 48.Kh3 Ke3 49.Qxd5  1-0

[Event "New York op"]
[Site "New York"]
[Date "1997.??.??"]
[Round "?"]
[White "Andrade, W."]
[Black "Psakhis, Lev"]
[Result "0-1"]
[WhiteElo "2285"]
[BlackElo "2610"]

1.e4 c5 2.c3 e6 3.d4 d5 4.exd5 exd5 5.Be3 c4 6.b3 cxb3 7.axb3 Bd6 8.Bd3 Ne7
9.Qf3 Be6 10.Ne2 Qd7 11.h3 Bf5 12.Bxf5 Qxf5 13.Qxf5 Nxf5 14.Bf4 Kd7 15.g4 Nh4
16.Na3 Ng2+  0-1

[Event "New York op"]
[Site "New York"]
[Date "1997.??.??"]
[Round "?"]
[White "Dlugy, Maxim"]
[Black "Psakhis, Lev"]
[Result "1/2-1/2"]
[WhiteElo "2530"]
[BlackElo "2610"]

1.d4 e6 2.c4 Nf6 3.Nf3 b6 4.g3 Ba6 5.Qa4 Bb7 6.Bg2 c5 7.dxc5 bxc5 8.O-O Be7
9.Nc3 O-O 10.Bf4 Qb6 11.Rfd1 Nc6 12.Qb5 Na5 13.b3 d5 14.cxd5  1/2-1/2

[Event "VAM Hoogeveen op"]
[Site "Wijk aan Zee"]
[Date "1997.??.??"]
[Round "2"]
[White "De Jong, Migchiel"]
[Black "Psakhis, Lev"]
[Result "0-1"]
[WhiteElo "2325"]
[BlackElo "2565"]

1.e4 c5 2.Nf3 e6 3.d4 cxd4 4.Nxd4 a6 5.g3 d5 6.Nd2 Nc6 7.Nxc6 bxc6 8.Bg2 Nf6
9.O-O Be7 10.c4 O-O 11.cxd5 cxd5 12.exd5 Nxd5 13.Nc4 Bb7 14.Bd2 a5 15.Qb3 Bc6
16.Ne5 Be8 17.Rfc1 a4 18.Qc2 Bf6 19.Ng4 Bd4 20.Ne3 a3 21.bxa3 Bxa1 22.Nxd5 Ba4
23.Qc5 exd5 24.Rxa1 Rc8 25.Qa7 Bc2 26.Be3 Re8 27.Rc1 Be4 28.Rxc8 Qxc8 29.f3 Bd3
30.Qd4 Qc2 31.h4 Bc4 32.Kh2 Bf1 33.Bf2 Bxg2 34.Kxg2 Qxa2 35.a4 Qc4 36.a5 Qxd4
37.Bxd4 Re2+ 38.Kh3 Ra2 39.Bb6 f5 40.g4 g6 41.gxf5 gxf5 42.Kg3 Ra4 43.Be3 Rxa5
44.Kf4 Ra4+ 45.Kxf5 d4  0-1

[Event "VAM Hoogeveen op"]
[Site "Wijk aan Zee"]
[Date "1997.??.??"]
[Round "3"]
[White "Psakhis, Lev"]
[Black "Ligterink, Gert"]
[Result "1-0"]
[WhiteElo "2565"]
[BlackElo "2450"]

1.e4 c5 2.Nf3 e6 3.d3 d5 4.Qe2 Ne7 5.g3 Nbc6 6.Bg2 g6 7.O-O Bg7 8.c3 O-O
9.e5 b6 10.Bf4 a5 11.a4 Nf5 12.Re1 f6 13.Na3 g5 14.exf6 Bxf6 15.Be5 g4 16.Bxf6 Qxf6
17.Ne5 Nxe5 18.Qxe5 Qxe5 19.Rxe5 Ra7 20.Nb5 Rg7 21.Rae1 Rf6 22.b3 h5 23.d4 cxd4
24.Nxd4 Nxd4 25.cxd4 Rc7 26.Rxh5 Rc3 27.Rg5+ Kf7 28.Rxg4 Rxb3 29.Bf1 Bd7
30.Rc1 Ke7 31.Rg7+ Rf7 32.Rxf7+ Kxf7 33.Rc7 Ke8 34.h4 Kd8 35.Ra7 Bxa4 36.h5 Rb1
37.h6 Bc2 38.h7 Bxh7 39.Rxh7 b5 40.Ra7 Ra1 41.Rb7 b4 42.Kg2 Rb1 43.Bb5 Rd1
44.Bd7 Rxd4 45.Bxe6  1-0

[Event "Rishon Le Ziyyon 9798"]
[Site "Rishon Le Ziyyon"]
[Date "1998.01.01"]
[Round "8"]
[White "Psakhis, Lev"]
[Black "Karpman, Vadim"]
[Result "1/2-1/2"]
[WhiteElo "2565"]
[BlackElo "2365"]

1.c4 e5 2.Nc3 Nc6 3.Nf3 f5 4.d4 e4 5.Ng5 Nf6 6.Nh3 Bb4 7.e3 Bxc3+ 8.bxc3 d6
9.Nf4 O-O 10.h4 Na5 11.c5 Qe7 12.Qa4 b6 13.c6 Be6 14.c4 Bf7 15.d5 Nh5 16.g3 Nxf4
17.gxf4 Qf6 18.Rb1 Bh5 19.Bb2 Qg6 20.Qc2 Rf7 21.Be2  1/2-1/2

[Event "Rishon Le Ziyyon 9798"]
[Site "Rishon Le Ziyyon"]
[Date "1998.01.02"]
[Round "9"]
[White "Oratovsky, Michael"]
[Black "Psakhis, Lev"]
[Result "1/2-1/2"]
[WhiteElo "2465"]
[BlackElo "2565"]

1.c4 c5 2.Nc3 Nc6 3.g3 g6 4.Bg2 Bg7 5.Nf3 e6 6.e3 Nge7 7.d4 cxd4 8.Nxd4 Nxd4
9.exd4 d5 10.cxd5 Nxd5 11.Nxd5 exd5 12.O-O O-O 13.Be3 Be6  1/2-1/2

[Event "Balaguer op"]
[Site "Balaguer"]
[Date "1998.07.19"]
[Round "4"]
[White "Psakhis, Lev"]
[Black "Ranola, Yves"]
[Result "1-0"]
[WhiteElo "2560"]
[BlackElo "2410"]

1.c4 g6 2.d4 Bg7 3.Nc3 d6 4.e4 Nc6 5.Be3 e5 6.d5 Nce7 7.g4 f5 8.gxf5 gxf5
9.Qh5+ Ng6 10.exf5 Qh4 11.Qf3 Nf4 12.Nh3 Bxf5 13.Nxf4 exf4 14.Qxf4 Qxf4 15.Bxf4 Ne7
16.Kd2 Kd7 17.Be2 Raf8 18.Be3 Bh3 19.Rag1 Nf5 20.Rg5 Be5 21.Rh5 Bg2 22.Rg1 Nxe3
23.fxe3 Bf3 24.Bxf3 Rxf3 25.Ne4 Bxb2 26.Rb1 Rg8 27.Kd3 Be5 28.Rxb7 Kc8 29.Rxa7 Kb8
30.Ra3 Rg2 31.Rg5 Rxh2 32.c5 Rf8 33.c6 Rb2 34.Rxe5 dxe5 35.Nc5  1-0

[Event "Balaguer op"]
[Site "Balaguer"]
[Date "1998.07.21"]
[Round "6"]
[White "Psakhis, Lev"]
[Black "Mowsziszian, Karen"]
[Result "1-0"]
[WhiteElo "2560"]
[BlackElo "2525"]

1.c4 g6 2.e4 Bg7 3.d4 d6 4.Nc3 Nf6 5.h3 O-O 6.Bg5 Na6 7.Bd3 e5 8.d5 c6 9.Nge2 cxd5
10.cxd5 Nc5 11.Bc2 a5 12.O-O Bd7 13.a3 a4 14.Kh1 Qb6 15.Rb1 Kh8 16.Ng3 Ng8
17.Be3 Qa5 18.Qd2 Qd8 19.f4 Qh4 20.Qf2 Nh6 21.Nge2 Qxf2 22.Rxf2 f6 23.fxe5 fxe5
24.Rxf8+ Bxf8 25.Nc1 Nf7 26.Nd3 b6 27.Rf1 Kg8 28.Nb4 Bh6 29.Bxc5 bxc5 30.Nc6 Bd2
31.Nxa4 Ra6 32.b4 Bxc6 33.dxc6 Rxc6 34.b5 Rc8 35.Bb3 c4 36.Nb6  1-0

[Event "Herzliya"]
[Site "Herzliya"]
[Date "1998.09.08"]
[Round "3"]
[White "Psakhis, Lev"]
[Black "Zifroni, Dov"]
[Result "1/2-1/2"]
[WhiteElo "2560"]
[BlackElo "2510"]

1.e4 c6 2.c4 d5 3.exd5 cxd5 4.d4 Nf6 5.Nc3 e6 6.Nf3 Bb4 7.Bd3 dxc4 8.Bxc4 O-O
9.O-O b6 10.Bg5 Bb7 11.Re1 Nbd7 12.Bd3 Bxc3 13.bxc3 Qc7 14.Rc1 Rfe8 15.Bh4 Qd6
16.Bg3 Qa3 17.Ne5 Nxe5 18.dxe5 Nd5 19.Qf3 Qe7 20.Qe4 f5 21.exf6 Nxf6 22.Qh4 Qd7
23.Rcd1 Qc6 24.Qh3 h6 25.Be5 Rf8 26.Re3 Qa4 27.Qxe6+ Kh8 28.Ree1 Rae8 29.Qc4 Bc6
30.Bd4 Nd5 31.Qxa4 Bxa4 32.Bg6 Rc8 33.Rc1 Nf4 34.Bb1 Bb5 35.Rc2 Rfe8 36.Be3 Nd5
37.Bd2 Rxe1+ 38.Bxe1 Bd3 39.Rc1  1/2-1/2

[Event "Herzliya"]
[Site "Herzliya"]
[Date "1998.09.10"]
[Round "5"]
[White "Psakhis, Lev"]
[Black "Afek, Yochanan"]
[Result "1-0"]
[WhiteElo "2560"]
[BlackElo "2375"]

1.c4 c5 2.Nf3 g6 3.e4 Bg7 4.d4 cxd4 5.Nxd4 Nc6 6.Be3 Nf6 7.Nc3 Ng4 8.Qxg4 Nxd4
9.Qd1 e5 10.Bd3 O-O 11.O-O b6 12.Qd2 Bb7 13.Rad1 a6 14.b3 Bc6 15.Bb1 b5 16.cxb5 axb5
17.Bxd4 exd4 18.Ne2 d5 19.Nxd4 Bxd4 20.Qxd4 dxe4 21.Qc5 Qe8 22.Rfe1 Rc8 23.f3 f5
24.fxe4 fxe4 25.Qd4 Rd8 26.Qxd8 Qxd8 27.Rxd8 Rxd8 28.Bxe4 Bxe4 29.Rxe4 Rd2
30.a3 Ra2 31.Rb4 Rxa3 32.Rxb5 Kg7 33.Rb7+ Kf6 34.Kf2 h6 35.Kf3 Ra1 36.Rb6+ Kf7
37.Rd6 Rb1 38.Rd3 Rb2 39.h4 Ke6 40.g3 Ke5 41.Kg4 Kf6 42.Kf4 Rb1 43.Ke4 g5
44.hxg5+ Kxg5 45.Kd4 Kg4 46.Kc3 h5 47.b4 Rc1+ 48.Kb2  1-0

[Event "Herzliya"]
[Site "Herzliya"]
[Date "1998.09.13"]
[Round "8"]
[White "Lev, Ronen"]
[Black "Psakhis, Lev"]
[Result "1-0"]
[WhiteElo "2460"]
[BlackElo "2560"]

1.d4 Nf6 2.c4 e6 3.Nf3 b6 4.g3 Ba6 5.b3 Bb7 6.Bg2 Bb4+ 7.Bd2 a5 8.O-O O-O
9.Qc1 h6 10.Bf4 a4 11.Nc3 axb3 12.axb3 Rxa1 13.Qxa1 Be7 14.d5 exd5 15.Nd4 Nc6
16.Nf5 Nb4 17.Qa7 Bc6 18.Bxc7 Qe8 19.Qxb6 dxc4 20.bxc4 Bxg2 21.Kxg2 Nc6 22.Nd5 Ne4
23.f3 Ng5 24.Qb2 f6 25.Nfxe7+ Nxe7 26.Bd6 Nxd5 27.cxd5 Rf7 28.Qc2 Nh7 29.Rb1 Nf8
30.Rb8 Qe3 31.Kf1  1-0

[Event "Herzliya"]
[Site "Herzliya"]
[Date "1998.09.14"]
[Round "9"]
[White "Psakhis, Lev"]
[Black "Haimovich, Tal"]
[Result "1-0"]
[WhiteElo "2560"]
[BlackElo "2280"]

1.c4 e5 2.Nc3 Nc6 3.g3 Nf6 4.Bg2 Bc5 5.a3 O-O 6.e3 Re8 7.Nge2 a5 8.O-O Ra6
9.d4 Bf8 10.d5 Ne7 11.e4 Ng6 12.h3 d6 13.Be3 Bd7 14.b4 b6 15.Rb1 Qa8 16.Qd3 Be7
17.Kh2 axb4 18.axb4 Qa7 19.f4 Ra8 20.Ng1 Ra3 21.f5 Nf8 22.g4 Ne8 23.g5 f6
24.h4 Qb8 25.b5 Qd8 26.Nh3 Bc8 27.Bf3 Nd7 28.Qc2 Nc5 29.Bc1 R3a5 30.Rg1 Bf8
31.Bh5 Bd7 32.Nf2 Qe7 33.Qe2 fxg5 34.hxg5 g6 35.fxg6 Ng7 36.gxh7+ Kh8 37.Bg6 Be8
38.Bxe8 Qxe8 39.g6 Qd8 40.Nh3 Be7 41.Bh6 Ra3 42.Rg3  1-0

[Event "Elista ol (Men)"]
[Site "Elista"]
[Date "1998.10.04"]
[Round "6"]
[White "Psakhis, Lev"]
[Black "Akopian, Vladimir"]
[Result "1/2-1/2"]
[WhiteElo "2560"]
[BlackElo "2655"]

1.c4 e5 2.Nc3 Nc6 3.Nf3 Nf6 4.g3 g6 5.Bg2 Bg7 6.d4 exd4 7.Nxd4 O-O 8.O-O Re8
9.Nc2 d6 10.b3 Bf5 11.Bb2 Be4 12.Nxe4 Nxe4 13.Bxg7 Kxg7 14.Ne3 a5 15.Nd5 Nf6
16.Nc3 h5 17.h3 Qe7 18.Qd2 Qe5 19.Rac1 a4 20.Nxa4 Qxe2 21.Qxe2 Rxe2 22.Nc3 Rb2
23.Rb1 Rc2 24.Rfc1 Rd2 25.Rd1 Rc2 26.Rbc1 Rb2  1/2-1/2

[Event "Elista ol (Men)"]
[Site "Elista"]
[Date "1998.10.07"]
[Round "9"]
[White "Iuldachev, Saidali"]
[Black "Psakhis, Lev"]
[Result "1/2-1/2"]
[WhiteElo "2505"]
[BlackElo "2560"]

1.e4 e6 2.d4 d5 3.Nd2 c5 4.exd5 exd5 5.Ngf3 Nf6 6.Bb5+ Bd7 7.Bxd7+ Nbxd7
8.O-O Be7 9.dxc5 Nxc5 10.Re1 O-O 11.Nf1 Re8 12.Be3 Nce4 13.Bd4 Qc7 14.Ne3 Rad8
15.c3 Bc5 16.Bxc5 Nxc5 17.Qc2  1/2-1/2

[Event "Elista ol (Men)"]
[Site "Elista"]
[Date "1998.10.09"]
[Round "10"]
[White "Van der Wiel, John TH"]
[Black "Psakhis, Lev"]
[Result "1/2-1/2"]
[WhiteElo "2520"]
[BlackElo "2560"]

1.e4 e6 2.d4 d5 3.Nd2 c5 4.Ngf3 Nf6 5.Bb5+ Bd7 6.Bxd7+ Nbxd7 7.e5 Ne4 8.Nxe4 dxe4
9.Ng5 cxd4 10.Qxd4 Qa5+ 11.Bd2 Qxe5 12.Qxe5 Nxe5 13.Nxe4 O-O-O 14.O-O-O Be7
15.Bf4 Ng6 16.Bd6 Rd7 17.Bxe7  1/2-1/2

[Event "Elista ol (Men)"]
[Site "Elista"]
[Date "1998.10.12"]
[Round "12"]
[White "Ekstroem, Roland"]
[Black "Psakhis, Lev"]
[Result "0-1"]
[WhiteElo "2510"]
[BlackElo "2560"]

1.d4 Nf6 2.c4 e6 3.Nc3 Bb4 4.Qc2 O-O 5.a3 Bxc3+ 6.Qxc3 b6 7.Bg5 Ba6 8.e3 d6
9.Qc2 Nbd7 10.Ne2 Qc8 11.O-O-O d5 12.cxd5 exd5 13.Nc3 Bxf1 14.Rhxf1 Re8 15.Qf5 c6
16.Kb1 Qb7 17.f3 b5 18.e4 g6 19.Qf4 Nh5 20.Qc1 a5 21.exd5 cxd5 22.a4 bxa4
23.Nxa4 Rec8 24.Nc5 Qb5 25.Rf2 a4 26.Be3 Nb6 27.Ka1 Nc4 28.Qc3 Ng7 29.Re1 Ne6
30.Rfe2 Rc6 31.Bh6 Na5 32.Ka2 Nb3 33.Re5 Nbxc5 34.dxc5 Rxc5 35.Qa3 Rc2 36.Kb1 Rac8
37.Rd1 R2c5 38.f4 Qc4 39.Rde1 Rb8 40.f5 Qc2+ 41.Ka1 Rb3 42.Rc1 Rxa3+ 43.bxa3 Qb3
44.Rxc5 Qxa3+ 45.Kb1 Qb4+  0-1

[Event "Elista ol (Men)"]
[Site "Elista"]
[Date "1998.10.12"]
[Round "13"]
[White "Volkov, Sergey"]
[Black "Psakhis, Lev"]
[Result "1/2-1/2"]
[WhiteElo "2605"]
[BlackElo "2560"]

1.d4 e6 2.c4 Nf6 3.Nc3 Bb4 4.e3 O-O 5.Ne2 d5 6.a3 Bd6 7.c5 Be7 8.b4 b6 9.Bd2 c6
10.Nf4 a5 11.Na4 Nbd7 12.cxb6 axb4 13.Bxb4 Bxb4+ 14.axb4 Rb8 15.Be2 Nxb6
16.Nc5 Nbd7 17.Nfd3 Qc7 18.Qc1 e5 19.Nxd7 Nxd7 20.b5 Bb7 21.O-O exd4 22.exd4 Qd6
23.Nc5 cxb5 24.Bxb5 Nf6 25.Be2 Bc8 26.Re1 Re8 27.Bf3 Bg4 28.Qc3  1/2-1/2

[Event "ISR-ch"]
[Site "Ramat Aviv"]
[Date "1998.11.08"]
[Round "1.1"]
[White "Vydeslaver, Alik"]
[Black "Psakhis, Lev"]
[Result "0-1"]
[WhiteElo "2405"]
[BlackElo "2560"]

1.e4 c5 2.Nf3 e6 3.Nc3 a6 4.g3 Nc6 5.Bg2 d6 6.O-O Nf6 7.d4 cxd4 8.Nxd4 Bd7
9.Be3 Be7 10.Kh1 O-O 11.f4 Rc8 12.f5 Nxd4 13.Bxd4 e5 14.Be3 b5 15.a3 Rxc3
16.bxc3 Bc6 17.Bg5 Nxe4 18.Bxe7 Qxe7 19.f6 Qb7 20.fxg7 Rc8 21.Qg4 Nd2 22.Rf2 Bxg2+
23.Rxg2 Rxc3 24.Qg5 Ne4 25.Qd8+ Kxg7 26.Re1 Rxc2 27.Qh4 f5 28.Rxc2 Nd2+ 29.Re4 Nxe4
30.Kg1 Qd7 31.Qh5 h6 32.Qd1 Kg6 33.Qd5 Nf6 34.Qc6 Qa7+ 35.Kg2 Qd4 36.h3 a5
37.Kh2 b4 38.axb4 axb4 39.Qc4 Qe4 40.Qb3 h5 41.Rc7 d5 42.Rc6 h4 43.gxh4 f4
44.Qd1 Kf5 45.Qg1 Qe2+ 46.Kh1 Qf3+ 47.Kh2 Qe2+ 48.Kh1 Qh5 49.Qg5+ Qxg5 50.hxg5 Kxg5
51.Rb6 d4 52.Rxb4 d3 53.Rb8 e4 54.Kg2 d2 55.Rd8 f3+ 56.Kg3 Nh5+ 57.Kf2 Kf4
58.Rf8+ Nf6  0-1

[Event "ISR-ch"]
[Site "Ramat Aviv"]
[Date "1998.11.12"]
[Round "3.2"]
[White "Psakhis, Lev"]
[Black "Kanstler, Boris"]
[Result "1-0"]
[WhiteElo "2560"]
[BlackElo "2535"]

1.d4 Nf6 2.c4 e6 3.Nf3 b6 4.g3 Bb7 5.Bg2 Be7 6.Nc3 O-O 7.Qc2 d5 8.cxd5 exd5
9.O-O c5 10.Rd1 Nc6 11.dxc5 bxc5 12.Bg5 Nb4 13.Qf5 g6 14.Qf4 Nh5 15.Bxe7 Qxe7
16.Qe5 Qe6 17.a3 Nc2 18.Qxe6 fxe6 19.Rac1 Nd4 20.Nxd4 cxd4 21.Rxd4 Rac8 22.e4 Nf6
23.exd5 Bxd5 24.Bh3 Rfe8 25.Re1 Bb3 26.Rb4 Bc4 27.Nb5 Bxb5 28.Rxb5 Rc6 29.Rb7 a6
30.Bf1 Rd8 31.b3 Nd5 32.Rd1 a5 33.a4 Rc5 34.Bc4 Rd6 35.h4 Rdc6 36.Rd3 Rc8
37.Rd7 Nc7 38.R3d6 Re8 39.Rb6 Kh8 40.Rb7 Rc8 41.Re7 e5 42.f3  1-0

[Event "ISR-ch"]
[Site "Ramat Aviv"]
[Date "1998.11.12"]
[Round "3.1"]
[White "Kanstler, Boris"]
[Black "Psakhis, Lev"]
[Result "1/2-1/2"]
[WhiteElo "2535"]
[BlackElo "2560"]

1.c4 c5 2.Nf3 Nf6 3.Nc3 Nc6 4.d4 cxd4 5.Nxd4 e6 6.Ndb5 d5 7.Bf4 e5 8.cxd5 exf4
9.dxc6 bxc6 10.Qxd8+ Kxd8 11.Rd1+ Bd7 12.Nd6 Bxd6 13.Rxd6 Rb8 14.Rd2 Re8
15.g3 f3 16.Bh3 fxe2 17.Bxd7  1/2-1/2

[Event "ISR-ch"]
[Site "Ramat Aviv"]
[Date "1998.11.15"]
[Round "4.1"]
[White "Psakhis, Lev"]
[Black "Mikhalevski, Victor"]
[Result "1/2-1/2"]
[WhiteElo "2560"]
[BlackElo "2540"]

1.Nf3 Nf6 2.c4 g6 3.Nc3 d5 4.Qa4+ Bd7 5.Qb3 dxc4 6.Qxc4 a6 7.g3 b5 8.Qb3 c5
9.d3 Nc6 10.Bg2 Rc8 11.Qd1 Bg7 12.O-O O-O 13.Be3 Nb4 14.h3 Nfd5 15.Bd2 Nb6
16.Qc1 c4 17.dxc4 Rxc4 18.Bh6 N4d5 19.Bxg7 Kxg7 20.Ne5 Rc5 21.Bxd5 Nxd5 22.Nxd7 Qxd7
23.Rd1 Qc6 24.Rxd5 Rxd5 25.Nxd5 Qxd5  1/2-1/2

[Event "Vienna op 13th"]
[Site "Vienna"]
[Date "1998.??.??"]
[Round "?"]
[White "Fang, Joseph"]
[Black "Psakhis, Lev"]
[Result "1/2-1/2"]
[WhiteElo "2320"]
[BlackElo "2565"]

1.Nf3 d6 2.d4 Bg4 3.c4 Nd7 4.Nc3 e5 5.g3 Ngf6 6.Bg2 c6 7.O-O Be7 8.h3 Bh5
9.Nh4 O-O 10.Nf5 Re8 11.Nxe7+ Qxe7 12.b3 e4 13.Be3 Bg6 14.Qd2 d5 15.cxd5 cxd5
16.Rac1 Rac8  1/2-1/2

[Event "Vienna op 13th"]
[Site "Vienna"]
[Date "1998.??.??"]
[Round "?"]
[White "Grabher, Heinz"]
[Black "Psakhis, Lev"]
[Result "0-1"]
[WhiteElo "2260"]
[BlackElo "2565"]

1.e4 c5 2.Nf3 d6 3.d4 cxd4 4.Nxd4 Nf6 5.Nc3 a6 6.Bc4 e6 7.Bb3 Nbd7 8.Bg5 Nc5
9.Qf3 Be7 10.O-O-O Bd7 11.Rhe1 Qc7 12.Kb1 O-O 13.Qg3 b5 14.f4 b4 15.e5 dxe5
16.fxe5 bxc3 17.Qh4 Nd5 18.Bxe7 Nxe7 19.Qxe7 cxb2 20.Re3 Rae8 21.Qg5 h6 22.Qh5 Bc6
23.Nxc6 Qxc6 24.Rg3 Ne4 25.Qg4 Nxg3 26.Ba4 Qe4  0-1

[Event "Vienna op 13th"]
[Site "Vienna"]
[Date "1998.??.??"]
[Round "?"]
[White "Psakhis, Lev"]
[Black "Kujovic, Michal"]
[Result "1/2-1/2"]
[WhiteElo "2565"]
[BlackElo "2230"]

1.c4 f5 2.Nc3 Nf6 3.g3 e6 4.Nf3 Be7 5.Bg2 O-O 6.O-O c6 7.b3 Qe8 8.e3 Qh5
9.d4 d5 10.Ne5 Qxd1 11.Rxd1 Nbd7 12.Nd3 Nb6 13.c5 Nbd7 14.Bb2 b6 15.Rac1 Ba6
16.cxb6 axb6 17.a4 Rfc8 18.Bf1 Kf7 19.Rc2 b5 20.axb5 Bxb5 21.Nxb5 cxb5 22.Rdc1 Rxc2
23.Rxc2 Ra7 24.f3 Ne8 25.h3 Rc7 26.Re2 Nd6 27.g4 g6 28.Rd2 Nb7 29.gxf5 gxf5
30.Be2 Na5 31.Bd1 Bd6 32.Rg2 Rc8 33.Kf1 Rf8  1/2-1/2

[Event "Vienna op 13th"]
[Site "Vienna"]
[Date "1998.??.??"]
[Round "?"]
[White "Singer, Richard"]
[Black "Psakhis, Lev"]
[Result "0-1"]
[WhiteElo "2170"]
[BlackElo "2565"]

1.d4 Nf6 2.Nf3 e6 3.Bf4 b6 4.e3 Bb7 5.Nbd2 d6 6.c3 Nbd7 7.Bb5 a6 8.Ba4 g6
9.Qe2 Bg7 10.O-O O-O 11.e4 e5 12.dxe5 dxe5 13.Bg5 Nc5 14.Bc2 Ne6 15.Bh4 Nf4
16.Qc4 Qe7 17.a4 a5 18.Rfe1 Rfe8 19.Nf1 Ba6 20.Qb3 Qc5 21.Ne3 h6 22.Bxf6 Bxf6
23.g3 Ne6 24.Rad1 Rad8 25.Nd5 Bg7 26.Qa2 c6 27.Ne3 Qe7 28.Bb3 Nc5 29.Bc4 Bc8
30.Rxd8 Rxd8 31.Nf1 Qf6 32.N3d2 Bf8 33.Re3 Ne6 34.h4 h5 35.b3 Bh6 36.Rf3 Qe7
37.Qc2 Rd6 38.Ne3 Kg7 39.Ndf1 f6 40.Be2 Rd8 41.Nh2 Nc5 42.Bc4 Qd6 43.b4 Bxe3
44.Rxe3 Qd1+ 45.Qxd1 Rxd1+ 46.Kg2 axb4 47.cxb4 Nxa4 48.Bb3 Ra1 49.Re2 Ra3
50.Bxa4 Rxa4 51.Rb2 Kf8 52.Nf1 Ke7 53.Ne3 Be6 54.f3 Ra2 55.Rxa2 Bxa2 56.g4 Be6
57.gxh5 gxh5 58.Nf1 Bf7 59.Kf2 Kd6 60.Ne3 Be6 61.Nd1 b5 62.Nc3 c5 63.bxc5+ Kxc5
64.Ke3 b4 65.Na4+ Kc4 66.Kd2 Kd4 67.Nb2 Bh3  0-1

[Event "ISR-chT"]
[Site "Israel"]
[Date "1999.01.08"]
[Round "1"]
[White "Oratovsky, Michael"]
[Black "Psakhis, Lev"]
[Result "1/2-1/2"]
[WhiteElo "2465"]
[BlackElo "2560"]

1.e4 e6 2.d3 d5 3.Nd2 Nf6 4.Ngf3 b6 5.c3 c5 6.Qa4+ Qd7 7.Qxd7+ Nfxd7 8.exd5 exd5
9.d4 Be7 10.Be2 Nc6 11.O-O O-O 12.Rd1 cxd4  1/2-1/2

[Event "ISR-chT"]
[Site "Israel"]
[Date "1999.01.15"]
[Round "2"]
[White "Psakhis, Lev"]
[Black "Shabtai, Ran"]
[Result "1-0"]
[WhiteElo "2560"]
[BlackElo "2295"]

1.c4 Nf6 2.Nc3 g6 3.e4 e5 4.g3 Bg7 5.Bg2 O-O 6.Nge2 Nc6 7.d3 d6 8.O-O a6
9.f4 Bd7 10.h3 exf4 11.Nxf4 Nd4 12.Be3 Ne6 13.Nfe2 b5 14.b3 Rb8 15.Qd2 Re8
16.Rae1 b4 17.Nd1 Nc5 18.Rf2 h6 19.Ref1 g5 20.Bd4 Re6 21.Ne3 Be8 22.Nf5 Nh5
23.g4  1-0

[Event "ISR-chT"]
[Site "Israel"]
[Date "1999.01.22"]
[Round "3"]
[White "Psakhis, Lev"]
[Black "Grinshpun, Eduard"]
[Result "1/2-1/2"]
[WhiteElo "2560"]
[BlackElo "2365"]

1.c4 f5 2.Nc3 Nf6 3.g3 g6 4.Bg2 Bg7 5.d3 d6 6.e4 fxe4 7.dxe4 O-O 8.Nge2 c5
9.O-O Nc6 10.h3 e5 11.Bg5 Be6 12.Nd5 Qd7 13.Kh2 Nd4 14.Nxd4 cxd4 15.a4 Kh8
16.Bxf6 Bxf6 17.a5 Bg7 18.Qa4 Qxa4 19.Rxa4 Rf7 20.b3 Raf8 21.Ra2 Bxd5 22.exd5 Bh6
23.Be4 d3 24.Bxd3 Rf3 25.Be4 Rxb3 26.Rb1 Rxb1 27.Bxb1 Bg5 28.Kg2  1/2-1/2